| 000 | 01293naa a22003377a 4500 | ||
|---|---|---|---|
| 001 | BR8107028 | ||
| 003 | BR-BrBNA | ||
| 005 | 20240918175046.0 | ||
| 007 | ta | ||
| 008 | 230509b bl.||||| |||| 00| 0 por d | ||
| 040 |
_aBR-BrBNA _bpor _cBiblioteca Nacional de Agricultura |
||
| 041 | _a(Pt) | ||
| 072 |
_aF30; F27 _b0180 |
||
| 090 | _aF30 BR8107028 | ||
| 100 | 1 | _aSilva, C.A.S. da | |
| 100 | 1 | _aSouza, P.G. | |
| 100 | 1 | _aFaria, N.B. | |
| 100 | 1 | _aKruker, J.M. | |
| 111 | 1 |
_a7. Reuniao da Comissao Norte Brasileira de Pesquisa de Trigo _cPonta Grossa, PR (Brazil) _d12-16 Jan 1981 |
|
| 245 | 1 | _aCompeticao de cultivares de trigo irrigado [Triticum spp] | |
| 260 | 3 |
_aDourados, MS (Brasil): _c1981. |
|
| 500 | _aResultados de pesquisa com trigo obtidos na Unidade de Execucao de Pesquisa de Ambito Estadual de Dourados em 1980 Dourados, MS (Brasil): 1981. p. 56-66 (BR8107028-AM)F30 | ||
| 650 | _aTRIGO | ||
| 650 | _aVARIEDADE | ||
| 650 | _aCULTURA IRRIGADA | ||
| 650 | _aCOMPETICAO DE VARIEDADE | ||
| 650 | _aRENDIMENTO | ||
| 773 | 0 |
_tResultados de pesquisa com trigo obtidos na Unidade de Execucao de Pesquisa de Ambito Estadual de Dourados em 1980 _wF30 BR8107028 _gDourados, MS (Brasil), 1981. p. 56-66 |
|
| 909 |
_a202404 _bLucia _c55 _dLucia Elande |
||
| 942 |
_cAM _2AGRIS |
||
| 999 |
_c314774 _d314774 |
||